00552nam a2200157 a 4500001001000000003000900010005001700019008004100036040002500077082001600102100001700118245009100135260009900226300002700325700004200352000032069DO-SdBNP20250120084525.0110712s19uu dr a 000 0 spa d aDO-SdBNPbspacBNPHU axxxxbS487v1 aSerra, Nidia13aLa paz vista por los niños /cNidia Serra ; presentación Máximo Avilés Blonda. a[Santo Domingo :bComisión Organizadora Permanente de la Feria Nacional del Libro.,c19--?]. a30 p. :bil. ;c26 cm.12aAvilés Blonda, Máximo,d1931-1988